000 00675nam a2200205 a 4500
001 BRCA_4885
005 20190320204838.0
008 820526s1928 mx-abe####---#000-0#spa-#
041 _aspa
044 _amx
050 4 _aF1219
_b.M49 1928
245 1 0 _aEstado actual de los principales edificios arqueológicos de México
_bcontribución de México al XXIII Congreso de Americanistas.
260 _aMéxico
_bSEP, Talleres Gráficos de la Nación
_c1928
300 _a263 p.
_bil., planos, mapas
_c34 cm.
500 _aDD6
650 1 4 _aArqueología
_xEdificios
_zMéxico
_912381
650 1 4 _aExcavaciones arqueológicas
_zMéxico
_912382
902 _aGFM
942 _2lcc
_cB
999 _c4579
_d4579